000 00698nam a2200253 a 4500
001 53067
003 BD-RjUL
005 20211209075913.0
008 160100s1981 ii a b 00110 eng
020 _a0137740263
035 _a(BD-RjUL)53187
040 _aDLC
_cDLC
_dBOS
_dBD-RjUL
_beng
041 _aeng
082 0 4 _223
_a370.78
_bBER 1981
100 1 0 _aBest, John W.
_917471
245 1 0 _aResearch in education /
_cJohn W. Best,
250 _a4th ed.
260 _aNew Delhi :
_bPrentice Hall,
_cc1981.
300 _aix, 431 p. :
_bill. ;
_c25 cm.
504 _aIncludes bibliographies and indexes.
650 0 _aEducation
_xResearch.
_95212
942 _2ddc
_cBK
999 _c53067
_d53067